| 000 | 00430nam a2200157 i 4500 | ||
|---|---|---|---|
| 001 | 61694 | ||
| 003 | ES-MaACL | ||
| 005 | 20230906164525.0 | ||
| 007 | t| | ||
| 008 | 031113s1964 sp ||||1| spa d | ||
| 100 | 1 |
_aFacio Arribas, Manuel. _948602 |
|
| 245 | 1 | 0 |
_aCompendio de anatomÃa / _cManuel Facio Arribas. |
| 260 |
_aMadrid : _b[s.n., _c1964] |
||
| 300 |
_a576 p. : _bil. ; _c25 cm. |
||
| 852 |
_aES-MaACL _jC-25811 _bR.54441 |
||
| 999 |
_c61694 _d61694 |
||